| 000 | 00684nam a22001937a 4500 | ||
|---|---|---|---|
| 999 |
_c171003 _d171003 |
||
| 005 | 20200102120418.0 | ||
| 010 | _aA-304873 | ||
| 020 | _c30.00 | ||
| 035 | _aA-304873 | ||
| 037 | _bBPPD/Pub. | ||
| 082 | _a841.08 | ||
| 100 | _aصبغت اللہ صید یقی | ||
| 245 |
_aنواب محمد موصطفہ خان ثیفتہ و حسرتی: ایک مطالعہ / _cصبغت اللہ صید یقی |
||
| 246 |
_aNawab Mohammad Mustafa Khan Shefta-o-Hasrati (Urdu) / _bby Sibghatullah Siddiqui |
||
| 260 |
_aLucknow _bSibghatullah Siddiqui _c1987 ء |
||
| 270 |
_aNazdeek Police Chowki _bLucknow |
||
| 300 |
_a158p. _c19cm(Hb) |
||
| 942 |
_2ddc _cUR _h841.08 _mص د ی |
||